Szczegóły MARC21

Atlas osteologiczny człowieka /

003 -Nazwa inst., której nr kontr. jest w polu 001 [,]
    • @
    • Nazwa instytucji, której n kontrolny jest w polu 001
    • NUKAT
005 -DATA I CZAS OSTATNIEJ MODYFIKACJI [,]
    • @
    • pole kontrolne
    • 20241231090845.0
040 -Instytucja sporządzająca opis [ , ]
    • a
    • Instytucja, która sporządziła opis (NP)
    • KR 122/TZ
    • c
    • Instytucja, która sporządziła rekord (NP)
    • KR 122/TZ
    • d
    • Instytucja, która zmodyfikowała rekord (P)
    • KR 122/MN
    • d
    • Instytucja, która zmodyfikowała rekord (P)
    • POZN U/JRs
942 -Rodzaj dokumentu [ , ]
    • c
    • Rodzaj dokumentu
    • Książka
100 -Hasło główne - nazwa osobowa [1, ]
    • a
    • Nazwa osobowa (NP)
    • Golba, Andrzej.
    • 9
    • KHW
    • 18521
245 -Strefa tytułu i oznaczenia odpowiedzialności [1,0]
    • a
    • Tytuł
    • Atlas osteologiczny człowieka / Find
    • c
    • Pozostałe elementy strefy tytułu i oznaczenia odpowiedzialności (NP)
    • Andrzej Golba, Stanisław Nogalski ; Uniwersytet Szczeciński. Instytut Kultury Fizycznej.
260 -Strefa adresu wydawniczego [ , ]
    • a
    • Miejsce wydania (P)
    • Szczecin :
    • b
    • Nazwa wydawcy (P)
    • Wydawnictwo Naukowe Uniwersytetu Szczecińskiego,
    • c
    • Data wydania (P)
    • 1988.
300 -Strefa opisu fizycznego [ , ]
    • a
    • Określenie formy książki i/lub objętość (NP)
    • 170 s. :
    • b
    • Oznaczenie ilustracji (NP)
    • il. ;
    • c
    • Format (NP)
    • 30 cm.
336 -Typ zawartości [ , ]
    • a
    • Termin opisujący typ zawartości
    • Tekst
    • b
    • Kod określający zawartość
    • txt
    • 2
    • Źródło (terminu i kodu)
    • rdacontent
337 -Typ mediów [ , ]
    • a
    • Tryb odtwarzania
    • Bez urządzenia pośredniczącego
    • b
    • Kod typu mediów
    • n
    • 2
    • Źródło (terminu i kodu)
    • rdamedia
338 -Typ/rodzaj nośnika [ , ]
    • a
    • Hasło opisujące typ nośnika
    • Wolumin
    • b
    • Kod typu nośnika
    • nc
    • 2
    • Źródło (terminu i kodu)
    • rdacarrier
080 -Uniwersalna Klasyfikacja Dziesiętna [ , ]
    • 2
    • Identyfikator wydania tablic
    • UDC-P058
    • 9
    • UKD
    • 4533
    • a
    • Symbol klasyfikacji
    • 611.7
    • b
    • Dopowiedzenie
    • Układ kostny. Układ mięśniowy. Narządy ruchu. Skóra. Stawy. Włosy. Paznokcie.
650 -Hasło przedmiotowe [ ,7]
    • a
    • Hasło przedmiotowe
    • Szkielet ludzki
    • x
    • Określnik rzeczowy
    • anatomia
    • v
    • Określnik formalny
    • atlasy.
    • 2
    • Źródło terminu
    • kaba
    • 9
    • KHW
    • 445790
650 -Hasło przedmiotowe [ ,7]
    • a
    • Hasło przedmiotowe
    • Szkielet ludzki
    • x
    • Określnik rzeczowy
    • anatomia
    • v
    • Określnik formalny
    • podręczniki akademickie.
    • 2
    • Źródło terminu
    • kaba
    • 9
    • KHW
    • 386732
980 -Symbol UKD [ , ]
    • a
    • UKD
    • 611.71
700 -Hasło dodatkowe - nazwa osobowa [1, ]
    • a
    • Nazwa osobowa (NP)
    • Nogalski, Stanisław. Find
    • 9
    • KHW
    • 18522
710 -Hasło dodatkowe - nazwa ciała zbiorowego [2, ]
    • a
    • Nazwa ciała zbiorowego lub nazwa geograficzna jako pierwszy element (NP)
    • Uniwersytet Szczeciński.
    • b
    • Nazwa jednostki podrzędnej (P)
    • Wydawnictwo Naukowe.
    • 4
    • Kod relacji
    • pbl
    • 9
    • KHW
    • 51208
Numer inwentarzowy Data inwentaryzacji Status udost. Sygnatura Uwagi nie widoczne w OPAC Lokalizacja
Z.72958 1Z.72958retrokonwersjaBG
W.157834 2W.157834retrokonwersjaBG
W.157837 2W.157834retrokonwersjaBG
W.1578382008-11-212W.157834retrokonwersjaBG
W.157839 -3W.157834retrokonwersjaBG
W.157840 -3W.157834retrokonwersjaBG
W.157843 2W.157834retrokonwersjaBG
W.157844 2W.157834retrokonwersjaBG
W.157845 2W.157834retrokonwersjaBG
W.157846 2W.157834retrokonwersjaBG
W.1578472008-11-212W.157834retrokonwersjaBG
W.157848 2W.157834retrokonwersjaBG
W.157849 2W.157834retrokonwersjaBG
W.157850 2W.157834retrokonwersjaBG
W.157851 2W.157834retrokonwersjaBG
W.157852 2W.157834retrokonwersjaBG
W.157853 2W.157834retrokonwersjaBG
W.157835 -3W.157834retrokonwersjaBG
W.157842 2W.157834retrokonwersjaBG
W.157836 -3W.157834retrokonwersjaBG
W.157841 -3W.157834retrokonwersjaBG
Bl.2332 2 retrokonwersjaBG
WF.3043 -3 retrokonwersjaBM
WF.3044 -3 retrokonwersjaBM
WF.3045 1Anatomia atlasy 04retrokonwersjaBM